[Event "16. Obert Int. Sant Martí 2014 Grupo B"]
[Site "Barcelona ESP"]
[Date "2014.07.19"]
[Round "7.21"]
[White "Gama Corral, Carlos"]
[Black "Corominas Garrido, Jordi"]
[Result "0-1"]
[WhiteElo "1784"]
[BlackElo "2077"]
[PlyCount "96"]
[EventDate "2014.07.13"]
[EventType "swiss"]
[EventRounds "9"]
[EventCountry "ESP"]
[Source "lmi"]
[SourceDate "2014.07.13"]

1. e4 e6 2. d4 d5 3. e5 c5 4. c3 Nc6 5. Nf3 Qb6 6. a3 c4 7. Be2 Bd7 8. Nbd2 Na5
9. Rb1 Qc7 10. Qc2 Nh6 11. O-O Be7 12. b3 cxb3 13. Qd3 a6 14. Nxb3 Bb5 15. Qd2
Bxe2 16. Qxe2 Nc4 17. Ra1 Nf5 18. Nbd2 Na5 19. Bb2 Rc8 20. Rfc1 O-O 21. g3 Nc4
22. Nxc4 Qxc4 23. Qxc4 Rxc4 24. Nd2 Rc7 25. c4 dxc4 26. a4 b5 27. axb5 axb5 28.
Nf3 b4 29. g4 Nh6 30. h3 c3 31. Bxc3 Rxc3 32. Kg2 Rxc1 33. Rxc1 Rb8 34. Rb1 b3
35. Nd2 b2 36. Kf3 Bg5 37. Ke2 f6 38. Nc4 fxe5 39. Nxe5 Bc1 40. Nd3 Rb3 41.
Nxc1 bxc1=Q 42. Rxc1 Rxh3 43. f3 Kf7 44. Rc7+ Kf6 45. Rc5 Nf7 46. Ke3 h5 47.
Kf4 g5+ 48. Ke4 Nd6+ 0-1

[Event "16. Obert Int. Sant Martí 2014 Grupo B"]
[Site "Barcelona ESP"]
[Date "2014.07.19"]
[Round "7.22"]
[White "Andreu Termes, Frederic"]
[Black "Ji, Pablo"]
[Result "1/2-1/2"]
[WhiteElo "2076"]
[BlackElo "1931"]
[PlyCount "98"]
[EventDate "2014.07.13"]
[EventType "swiss"]
[EventRounds "9"]
[EventCountry "ESP"]
[Source "lmi"]
[SourceDate "2014.07.13"]

1. c4 c5 2. g3 Nc6 3. Bg2 Nf6 4. Nc3 g6 5. e4 d6 6. d3 Bg7 7. Nge2 O-O 8. O-O
a6 9. h3 Rb8 10. Be3 b5 11. Qd2 bxc4 12. dxc4 Bb7 13. Rad1 Ne5 14. b3 Ned7 15.
f4 Ne8 16. e5 Bxg2 17. Kxg2 Kh8 18. Kh2 Rb7 19. Ne4 Rb6 20. Nxc5 Nxc5 21. Bxc5
Rc6 22. Bf2 Qc7 23. Nd4 Rc5 24. e6 Qc8 25. exf7 Rxf7 26. Nf3 Rc7 27. Ng5 Rf5
28. Bd4 h6 29. Bxg7+ Nxg7 30. Nf3 Rh5 31. Ng1 Rf5 32. g4 Rf6 33. Nf3 Qf8 34.
Nh4 Rc5 35. g5 Re6 36. Rde1 Qf7 37. gxh6 Nh5 38. Rxe6 Qxe6 39. Qe1 Qf6 40. Qxe7
Qb2+ 41. Ng2 Rf5 42. Qxd6 Kh7 43. c5 Qxa2 44. Re1 Nxf4 45. Qe7+ Kxh6 46. Qh4+
Kg7 47. Qe7+ Kh6 48. Qh4+ Kg7 49. Qe7+ Kh6 1/2-1/2

[Event "16. Obert Int. Sant Martí 2014 Grupo B"]
[Site "Barcelona ESP"]
[Date "2014.07.19"]
[Round "7.23"]
[White "Catarineu Rabell, Manel"]
[Black "Llopis Jordan, Lluis"]
[Result "1/2-1/2"]
[WhiteElo "2071"]
[BlackElo "1908"]
[PlyCount "43"]
[EventDate "2014.07.13"]
[EventType "swiss"]
[EventRounds "9"]
[EventCountry "ESP"]
[Source "lmi"]
[SourceDate "2014.07.13"]

1. e4 c6 2. d4 d5 3. Nc3 dxe4 4. Nxe4 Nd7 5. Nf3 Ngf6 6. Bd3 Nxe4 7. Bxe4 Nf6
8. Bd3 Bg4 9. c3 e6 10. O-O Bd6 11. h3 Bh5 12. Re1 Qc7 13. Be2 O-O-O 14. Qa4
Kb8 15. b4 Bg6 16. Bg5 h6 17. Bxf6 gxf6 18. b5 Rhg8 19. bxc6 Qxc6 20. Qxc6 bxc6
21. Red1 Ba3 22. Bd3 1/2-1/2

[Event "16. Obert Int. Sant Martí 2014 Grupo B"]
[Site "Barcelona ESP"]
[Date "2014.07.19"]
[Round "7.24"]
[White "Febrero Perez, Lluis"]
[Black "Rodriguez Llorens, Jorge"]
[Result "0-1"]
[WhiteElo "1887"]
[BlackElo "2059"]
[PlyCount "88"]
[EventDate "2014.07.13"]
[EventType "swiss"]
[EventRounds "9"]
[EventCountry "ESP"]
[Source "lmi"]
[SourceDate "2014.07.13"]

1. e4 c5 2. Nf3 d6 3. Bb5+ Nc6 4. O-O Bd7 5. d4 cxd4 6. Nxd4 Nf6 7. Nxc6 bxc6
8. Bd3 e5 9. c4 Be7 10. b3 O-O 11. Nc3 a5 12. f4 Qb6+ 13. Kh1 Ng4 14. Qe1 exf4
15. Bxf4 Bf6 16. Bxd6 Rfe8 17. c5 Qb4 18. Rc1 Bg5 19. Rb1 Ne5 20. Qg3 Qxc3 21.
Qxg5 h6 22. Qf4 f6 23. Be2 Ng6 24. Qf2 Rxe4 25. Rfc1 Qe3 26. Bc4+ Kh7 27. Qc2
Rae8 28. Rf1 Be6 29. Bd3 Bd5 30. Rf3 Qd4 31. Rbf1 Kh8 32. R3f2 Nh4 33. Qd2 Re2
34. Qf4 Qxf4 35. Bxf4 Rxf2 36. Rxf2 Re1+ 37. Bf1 Nxg2 38. Kg1 Nxf4 39. Rxf4 Rc1
40. b4 axb4 41. Rxb4 Kg8 42. Rb8+ Kf7 43. Rb7+ Ke6 44. Rxg7 Bc4 0-1

[Event "16. Obert Int. Sant Martí 2014 Grupo B"]
[Site "Barcelona ESP"]
[Date "2014.07.19"]
[Round "7.25"]
[White "Riera Danes, Manel"]
[Black "Poyato Duran, David"]
[Result "1-0"]
[WhiteElo "2048"]
[BlackElo "1878"]
[PlyCount "85"]
[EventDate "2014.07.13"]
[EventType "swiss"]
[EventRounds "9"]
[EventCountry "ESP"]
[Source "lmi"]
[SourceDate "2014.07.13"]

1. e4 e5 2. Nf3 Nc6 3. d4 exd4 4. Nxd4 Bc5 5. Be3 Qf6 6. c3 Nge7 7. g3 O-O 8.
Bg2 Re8 9. O-O b6 10. f4 Bxd4 11. cxd4 Bb7 12. e5 Qg6 13. Nc3 Na5 14. Bxb7 Nxb7
15. Qf3 Nf5 16. Bf2 Na5 17. Rac1 c6 18. Kh1 h5 19. Rg1 Nh6 20. h3 Kh7 21. Rg2
Rh8 22. Rf1 Kg8 23. Be3 Nf5 24. Bf2 Nh6 25. Kg1 Nc4 26. Be1 b5 27. g4 hxg4 28.
hxg4 a5 29. Ne4 d5 30. exd6 Qe6 31. f5 Qd5 32. g5 Nxf5 33. Qxf5 Ne3 34. Qxd5
cxd5 35. Nc5 Nxf1 36. Kxf1 g6 37. Bg3 f5 38. gxf6 Kf7 39. Be5 Rhd8 40. Rh2 Kg8
41. Rh6 Kf7 42. Rh7+ Kg8 43. Rg7+ 1-0

[Event "16. Obert Int. Sant Martí 2014 Grupo B"]
[Site "Barcelona ESP"]
[Date "2014.07.19"]
[Round "7.26"]
[White "Delgado Camara, Luis Felix"]
[Black "Rey Plaza, Sergio"]
[Result "1-0"]
[WhiteElo "2047"]
[BlackElo "1831"]
[PlyCount "83"]
[EventDate "2014.07.13"]
[EventType "swiss"]
[EventRounds "9"]
[EventCountry "ESP"]
[Source "lmi"]
[SourceDate "2014.07.13"]

1. e4 e5 2. f4 exf4 3. Nf3 d6 4. d4 f5 5. Nc3 Qe7 6. Bxf4 fxe4 7. Ng5 c6 8. Be2
Bf5 9. Bg4 Bxg4 10. Qxg4 Nd7 11. Ne6 Ngf6 12. Qh3 Nb6 13. Bg5 h6 14. Bxf6 gxf6
15. Nxe4 Kf7 16. O-O Bg7 17. Qh5+ Kxe6 18. Nxf6 Bxf6 19. Rae1+ Kd7 20. Qf5+ Kc7
21. Rxe7+ Bxe7 22. Qf7 Kd7 23. Re1 Rae8 24. c4 Rhf8 25. Qe6+ Kd8 26. b4 Nd7 27.
Qxh6 c5 28. dxc5 dxc5 29. b5 Rf6 30. Qd2 b6 31. Qd5 Kc7 32. a4 Rd6 33. Qe4 Nf6
34. Qf3 Nd7 35. a5 Rf8 36. Qe4 Re8 37. a6 Rd4 38. Qb7+ Kd8 39. Qxa7 Rxc4 40.
Qa8+ Kc7 41. Qb7+ Kd8 42. a7 1-0

[Event "16. Obert Int. Sant Martí 2014 Grupo B"]
[Site "Barcelona ESP"]
[Date "2014.07.19"]
[Round "7.27"]
[White "Flores Liñan, Josep Luis"]
[Black "Martin Sanchez, Antoni"]
[Result "1-0"]
[WhiteElo "2016"]
[BlackElo "1825"]
[PlyCount "77"]
[EventDate "2014.07.13"]
[EventType "swiss"]
[EventRounds "9"]
[EventCountry "ESP"]
[Source "lmi"]
[SourceDate "2014.07.13"]

1. d4 Nf6 2. c4 c6 3. Nc3 d5 4. Nf3 e6 5. Bg5 Be7 6. e3 O-O 7. Bd3 Nbd7 8. O-O
dxc4 9. Bxc4 Nb6 10. Bd3 h6 11. Bh4 Nfd5 12. Bg3 Bd6 13. Ne5 Qc7 14. Rc1 Nxc3
15. Rxc3 Bd7 16. Qe2 Be8 17. Rfc1 f6 18. Ng6 Bxg6 19. Bxg6 e5 20. Qg4 Qe7 21.
Bf5 Nd5 22. R3c2 g5 23. h4 Qg7 24. Be4 Qf7 25. Bf5 Qg7 26. Be6+ Kh8 27. Bxd5
cxd5 28. Qe6 Rad8 29. hxg5 fxg5 30. dxe5 Rfe8 31. Qxd5 Bxe5 32. Bxe5 Qxe5 33.
Qxe5+ Rxe5 34. Rc7 Rb5 35. b3 a5 36. Rf7 g4 37. Kh2 Rg5 38. Kg3 Rdg8 39. Rcc7
1-0

[Event "16. Obert Int. Sant Martí 2014 Grupo B"]
[Site "Barcelona ESP"]
[Date "2014.07.19"]
[Round "7.28"]
[White "Pallares Gurrea, Aitor Alexander"]
[Black "Roig Ruiz, Carles"]
[Result "0-1"]
[WhiteElo "1956"]
[BlackElo "1997"]
[PlyCount "62"]
[EventDate "2014.07.13"]
[EventType "swiss"]
[EventRounds "9"]
[EventCountry "ESP"]
[Source "lmi"]
[SourceDate "2014.07.13"]

1. d4 g6 2. c4 Bg7 3. Nc3 d6 4. e4 Nf6 5. f3 O-O 6. Nge2 e5 7. d5 Nh5 8. Be3 f5
9. Qd2 f4 10. Bf2 Bf6 11. O-O-O Bh4 12. g3 fxg3 13. hxg3 Rxf3 14. Rxh4 Rxf2 15.
Qe3 Qf6 16. Bh3 Bxh3 17. Rxh3 Qf3 18. Qg5 Nf6 19. Nf4 exf4 20. Qxf6 fxg3 21.
Qe6+ Qf7 22. Qc8+ Kg7 23. Rxh7+ Kxh7 24. Qxb7 g2 25. Qxa8 Na6 26. Qc8 Nc5 27.
Qh3+ Kg7 28. b4 Nd7 29. Nb1 Ne5 30. Nd2 Qf4 31. c5 g1=Q 0-1

[Event "16. Obert Int. Sant Martí 2014 Grupo B"]
[Site "Barcelona ESP"]
[Date "2014.07.19"]
[Round "7.29"]
[White "Peiron Lluch, Jose Daniel"]
[Black "Negreira Rodriguez, Daniel"]
[Result "1-0"]
[WhiteElo "1990"]
[BlackElo "1786"]
[PlyCount "95"]
[EventDate "2014.07.13"]
[EventType "swiss"]
[EventRounds "9"]
[EventCountry "ESP"]
[Source "lmi"]
[SourceDate "2014.07.13"]

1. e4 e5 2. Nf3 Nf6 3. Nxe5 d6 4. Nf3 Nxe4 5. Nc3 d5 6. Qe2 Be7 7. Nxe4 dxe4 8.
Qxe4 O-O 9. Bc4 Bf6 10. O-O Re8 11. Qf4 Nc6 12. c3 Ne5 13. Nxe5 Rxe5 14. d4 Rg5
15. Qf3 Rf5 16. Qe4 Rb8 17. Re1 Bd7 18. Bd3 Rh5 19. Qf3 g6 20. Bf4 Bc6 21. Be4
Bxe4 22. Rxe4 Qd7 23. Rae1 Rf5 24. Qe3 g5 25. Qg3 Rxf4 26. Rxf4 Qc6 27. h4 h6
28. hxg5 Bxg5 29. Rfe4 Kh7 30. Qd3 Qg6 31. Qg3 Rg8 32. f4 f5 33. Re6 Bf6 34.
Qxg6+ Rxg6 35. Rxf6 Rxf6 36. Re7+ Kg6 37. Rxc7 Rb6 38. b3 Kh5 39. Kf2 Kg4 40.
g3 a5 41. Rc5 a4 42. b4 h5 43. a3 h4 44. gxh4 Kxf4 45. d5 Rh6 46. Rc4+ Ke5 47.
Rd4 f4 48. d6 1-0

[Event "16. Obert Int. Sant Martí 2014 Grupo B"]
[Site "Barcelona ESP"]
[Date "2014.07.19"]
[Round "7.30"]
[White "Torres Julian, Marc"]
[Black "Jourde, Michel"]
[Result "0-1"]
[WhiteElo "1959"]
[BlackElo "1805"]
[PlyCount "47"]
[EventDate "2014.07.13"]
[EventType "swiss"]
[EventRounds "9"]
[EventCountry "ESP"]
[Source "lmi"]
[SourceDate "2014.07.13"]

1. e4 Nf6 2. e5 Nd5 3. d4 d6 4. c4 Nb6 5. exd6 cxd6 6. Nc3 g6 7. a4 Bg7 8. a5
N6d7 9. Nf3 O-O 10. Bd3 Nc6 11. Be3 e5 12. dxe5 Ndxe5 13. Nxe5 Bxe5 14. f4
Bxc3+ 15. bxc3 Qe7 16. Kf2 Re8 17. Re1 Qh4+ 18. Kg1 Bg4 19. Qd2 Qh5 20. a6 bxa6
21. Rxa6 Bd7 22. Be2 Qh4 23. Bf3 Rac8 24. Qxd6 0-1

[Event "16. Obert Int. Sant Martí 2014 Grupo B"]
[Site "Barcelona ESP"]
[Date "2014.07.19"]
[Round "7.31"]
[White "Vargas Drechsler, Carlos"]
[Black "Laszczak, Przemyslaw"]
[Result "0-1"]
[WhiteElo "1958"]
[BlackElo "1610"]
[PlyCount "54"]
[EventDate "2014.07.13"]
[EventType "swiss"]
[EventRounds "9"]
[EventCountry "ESP"]
[Source "lmi"]
[SourceDate "2014.07.13"]

1. e4 c6 2. d4 d5 3. Nc3 dxe4 4. Nxe4 Bf5 5. Ng3 Bg6 6. N1e2 e6 7. h4 h6 8. Nf4
Bh7 9. Bc4 Nf6 10. O-O Bd6 11. Re1 O-O 12. Bd3 Bxd3 13. Qxd3 Qc7 14. Qf3 Nd5
15. Nfh5 Kh8 16. Nxg7 Kxg7 17. Qh5 Rh8 18. Qg4+ Kf8 19. Nh5 Ke7 20. Bxh6 Rxh6
21. Qg5+ Rf6 22. Nxf6 Nxf6 23. h5 Nbd7 24. h6 Bf4 25. Qh4 Rh8 26. g3 Bd2 27.
Re2 Rxh6 0-1

[Event "16. Obert Int. Sant Martí 2014 Grupo B"]
[Site "Barcelona ESP"]
[Date "2014.07.19"]
[Round "7.32"]
[White "Albert Estebanez, Carlos"]
[Black "Castellet Menchon, Didac"]
[Result "0-1"]
[WhiteElo "1890"]
[BlackElo "2080"]
[PlyCount "102"]
[EventDate "2014.07.13"]
[EventType "swiss"]
[EventRounds "9"]
[EventCountry "ESP"]
[Source "lmi"]
[SourceDate "2014.07.13"]

1. e4 c5 2. Nf3 Nc6 3. Bb5 g6 4. Bxc6 dxc6 5. d3 Bg7 6. Nc3 Bg4 7. h3 Bxf3 8.
Qxf3 e5 9. Be3 Qd6 10. a4 Nf6 11. O-O Nd7 12. Ne2 Nf8 13. Rfd1 Ne6 14. c3 O-O
15. Rab1 a5 16. Rd2 f5 17. exf5 gxf5 18. Rdd1 Qe7 19. Qh5 f4 20. Bc1 Qf7 21.
Qf3 Rad8 22. b4 axb4 23. cxb4 c4 24. Bb2 cxd3 25. Nc1 Rfe8 26. Nxd3 e4 27. Qxe4
Ng5 28. Qxf4 Qxf4 29. Nxf4 Rxd1+ 30. Rxd1 Bxb2 31. h4 Ne6 32. Re1 Kf7 33. Nxe6
Rxe6 34. Rxe6 Kxe6 35. Kf1 Bc3 36. b5 c5 37. Ke2 b6 38. g4 Ke5 39. Kf3 c4 40.
h5 Bd4 41. g5 Kf5 42. g6 hxg6 43. hxg6 Kxg6 44. Ke2 Kf5 45. f3 Kf4 46. Kd1 Kxf3
47. Kc1 Ke3 48. Kc2 Ke4 49. Kd2 c3+ 50. Ke2 Kd5 51. Kd3 Kc5 0-1

[Event "16. Obert Int. Sant Martí 2014 Grupo B"]
[Site "Barcelona ESP"]
[Date "2014.07.19"]
[Round "7.33"]
[White "Mamontova, Anastasia"]
[Black "Corominas Garrido, Antoni"]
[Result "1-0"]
[WhiteElo "1858"]
[BlackElo "2034"]
[PlyCount "81"]
[EventDate "2014.07.13"]
[EventType "swiss"]
[EventRounds "9"]
[EventCountry "ESP"]
[Source "lmi"]
[SourceDate "2014.07.13"]

1. e4 c6 2. d4 d5 3. exd5 cxd5 4. c4 Nf6 5. Nc3 e6 6. Bg5 Be7 7. Nf3 Nc6 8. Ne5
O-O 9. Be2 Qb6 10. cxd5 exd5 11. Nxc6 Qxc6 12. O-O Be6 13. Rc1 Rac8 14. f4 h6
15. Bh4 a6 16. Bf3 Qd7 17. Qb3 Ne4 18. Bxe7 Qxe7 19. Rcd1 Nxc3 20. bxc3 Rc4 21.
f5 Bxf5 22. Bxd5 Qe3+ 23. Kh1 Rxc3 24. Qxb7 Bg6 25. Qxa6 Bd3 26. Bxf7+ Kh8 27.
Qd6 Rcc8 28. Rfe1 Qf2 29. Bb3 Be2 30. Ra1 Rcd8 31. Qg3 Qxd4 32. h3 Rf5 33. Rac1
Rg5 34. Qc7 Rxg2 35. Kxg2 Qe4+ 36. Kh2 Rd2 37. Qc8+ Kh7 38. Bg8+ Kg6 39. Qc6+
Qxc6 40. Rxc6+ Kg5 41. Kg3 1-0

[Event "16. Obert Int. Sant Martí 2014 Grupo B"]
[Site "Barcelona ESP"]
[Date "2014.07.19"]
[Round "7.34"]
[White "Navas Martin, Jordi"]
[Black "Brandt, Stefan"]
[Result "1/2-1/2"]
[WhiteElo "2024"]
[BlackElo "1889"]
[PlyCount "69"]
[EventDate "2014.07.13"]
[EventType "swiss"]
[EventRounds "9"]
[EventCountry "ESP"]
[Source "lmi"]
[SourceDate "2014.07.13"]

1. d4 Nf6 2. Nf3 g6 3. c4 Bg7 4. Nc3 O-O 5. e4 d6 6. Be2 Bg4 7. Be3 Nfd7 8. Nd2
Bxe2 9. Qxe2 e5 10. d5 a5 11. O-O f5 12. f3 Bf6 13. f4 exf4 14. Rxf4 Be5 15.
Rff1 f4 16. Bf2 Qf6 17. Nf3 g5 18. Nb5 Na6 19. Nbd4 Nac5 20. Nxe5 Nxe5 21. Nf3
Ncd7 22. Rad1 b6 23. b3 Rae8 24. Bd4 Nxf3+ 25. gxf3 Ne5 26. Kh1 Kf7 27. Rg1 Rg8
28. Rdf1 Rg6 29. Qg2 Ke7 30. Qh3 Kd8 31. Bxe5 dxe5 32. Rd1 Rh8 33. Rd2 Qd6 34.
Rdg2 Qd7 35. Qh5 1/2-1/2

[Event "16. Obert Int. Sant Martí 2014 Grupo B"]
[Site "Barcelona ESP"]
[Date "2014.07.19"]
[Round "7.35"]
[White "Gonzalez Alonso, Marti"]
[Black "Ayza Casamitjana, Antoni"]
[Result "0-1"]
[WhiteElo "1844"]
[BlackElo "2017"]
[PlyCount "98"]
[EventDate "2014.07.13"]
[EventType "swiss"]
[EventRounds "9"]
[EventCountry "ESP"]
[Source "lmi"]
[SourceDate "2014.07.13"]

1. e4 c6 2. d4 g6 3. b3 Bg7 4. Bb2 d5 5. exd5 cxd5 6. Nf3 Nf6 7. Bd3 O-O 8. O-O
Nc6 9. c3 Re8 10. Re1 Bg4 11. Nbd2 e5 12. dxe5 Nxe5 13. Be2 Nxf3+ 14. Nxf3 Ne4
15. Qd3 Qb6 16. Nd4 Bxe2 17. Rxe2 Nc5 18. Qd2 Ne4 19. Qd3 Nc5 20. Qd2 Rxe2 21.
Qxe2 Rc8 22. Qd2 Ne4 23. Qd3 h6 24. Rd1 Qc5 25. b4 Qc4 26. a3 Nxc3 27. Bxc3
Qxc3 28. Qxc3 Rxc3 29. Nb5 Rb3 30. Nxa7 Rxa3 31. Nb5 Rb3 32. Nc7 d4 33. b5 Be5
34. b6 Rxb6 35. Nd5 Rb2 36. g3 g5 37. Kf1 Kf8 38. h3 Rb5 39. f4 Rxd5 40. fxe5
Ke7 41. Rb1 b5 42. Rb4 Ke6 43. Ke2 Kxe5 44. Kd3 f5 45. Rb2 Rc5 46. Re2+ Kd5 47.
Kd2 Rc3 48. Rg2 b4 49. g4 f4 0-1

[Event "16. Obert Int. Sant Martí 2014 Grupo B"]
[Site "Barcelona ESP"]
[Date "2014.07.19"]
[Round "7.36"]
[White "Solís Calancha, Jordi"]
[Black "Pascual Gonzalez-Novelles, Carles"]
[Result "0-1"]
[WhiteElo "1810"]
[BlackElo "2010"]
[PlyCount "76"]
[EventDate "2014.07.13"]
[EventType "swiss"]
[EventRounds "9"]
[EventCountry "ESP"]
[Source "lmi"]
[SourceDate "2014.07.13"]

1. d4 Nf6 2. c4 g6 3. Nc3 d5 4. Bg5 Ne4 5. Nxe4 dxe4 6. e3 Bg7 7. Ne2 c5 8. d5
Qa5+ 9. Qd2 Qxd2+ 10. Kxd2 Bxb2 11. Rb1 Bg7 12. Ng3 f5 13. Ne2 Nd7 14. f3 exf3
15. gxf3 Ne5 16. Ng1 b6 17. h3 h6 18. Bh4 g5 19. Bg3 e6 20. f4 Nf7 21. Bg2 Bb7
22. e4 O-O-O 23. Kc2 fxe4 24. dxe6 Nd6 25. Bf1 Nf5 26. Ne2 e3 27. Rh2 Be4+ 28.
Kc1 Bxb1 29. Be1 Bd3 30. Ng3 Nxg3 31. Bxd3 gxf4 32. Bg6 Bf6 33. a4 Nf1 34. Ra2
f3 35. a5 Nd2 36. Bg3 f2 37. axb6 f1=Q+ 38. Kc2 Qb1# 0-1

[Event "16. Obert Int. Sant Martí 2014 Grupo B"]
[Site "Barcelona ESP"]
[Date "2014.07.19"]
[Round "7.37"]
[White "Pujal Moncho, Joaquim"]
[Black "Riu Lopez, Sergi"]
[Result "1/2-1/2"]
[WhiteElo "1997"]
[BlackElo "1882"]
[PlyCount "68"]
[EventDate "2014.07.13"]
[EventType "swiss"]
[EventRounds "9"]
[EventCountry "ESP"]
[Source "lmi"]
[SourceDate "2014.07.13"]

1. c4 e5 2. Nc3 d6 3. e4 c5 4. d3 g6 5. g3 Bg7 6. Bg2 Ne7 7. Nge2 Nbc6 8. O-O
O-O 9. h3 h6 10. Be3 f5 11. f4 Kh7 12. Qd2 Be6 13. Nd5 Qd7 14. Kh2 exf4 15.
Nexf4 Bxd5 16. cxd5 Nd4 17. Bxd4 Bxd4 18. Ne6 Rfe8 19. Nxd4 cxd4 20. Qf4 Rf8
21. e5 dxe5 22. Qxe5 Rfd8 23. Rfe1 Nxd5 24. Qxd5 Qxd5 25. Bxd5 Rxd5 26. Re7+
Kg8 27. Rc1 Rd6 28. Rcc7 Rad8 29. Rxb7 Rb6 30. Rg7+ Kf8 31. Rbf7+ Ke8 32. Rxa7
Rxb2+ 33. Kg1 Kf8 34. Raf7+ Ke8 1/2-1/2

[Event "16. Obert Int. Sant Martí 2014 Grupo B"]
[Site "Barcelona ESP"]
[Date "2014.07.19"]
[Round "7.38"]
[White "Larios Jimenez, Rafael"]
[Black "Olive Oller, Guim"]
[Result "0-1"]
[WhiteElo "1791"]
[BlackElo "1989"]
[PlyCount "92"]
[EventDate "2014.07.13"]
[EventType "swiss"]
[EventRounds "9"]
[EventCountry "ESP"]
[Source "lmi"]
[SourceDate "2014.07.13"]

1. f4 d5 2. Nf3 c5 3. b3 Nf6 4. Bb2 g6 5. e3 Bg7 6. Be2 O-O 7. O-O Nc6 8. Bb5
Ne8 9. Bxg7 Kxg7 10. Bxc6 bxc6 11. d4 Ba6 12. Re1 c4 13. e4 Nd6 14. Nc3 e6 15.
e5 Nf5 16. g4 Nh4 17. Re3 Rh8 18. Qe1 Nxf3+ 19. Rxf3 h5 20. g5 c5 21. Ne2 cxb3
22. Rxb3 Bc4 23. Rb2 Qc7 24. Qd2 Bxe2 25. Qxe2 cxd4 26. Qd3 Rhb8 27. Rab1 Rxb2
28. Rxb2 Rb8 29. Qxd4 Rxb2 30. Qxb2 Qc4 31. Qb3 Qxf4 32. Qg3 Qc1+ 33. Kg2 Qxc2+
34. Qf2 Qxf2+ 35. Kxf2 Kf8 36. Ke3 Ke7 37. Kd4 Kd7 38. Kc5 Kc7 39. a4 a6 40.
Kb4 Kc6 41. a5 d4 42. Kc4 d3 43. Kxd3 Kd5 44. Kc3 Kxe5 45. Kc4 Kf4 46. Kc5 e5
0-1

[Event "16. Obert Int. Sant Martí 2014 Grupo B"]
[Site "Barcelona ESP"]
[Date "2014.07.19"]
[Round "7.39"]
[White "Escofet Llongueras, Joan"]
[Black "Pascual Gonzalez-Novelles, David"]
[Result "0-1"]
[WhiteElo "1947"]
[BlackElo "1855"]
[PlyCount "60"]
[EventDate "2014.07.13"]
[EventType "swiss"]
[EventRounds "9"]
[EventCountry "ESP"]
[Source "lmi"]
[SourceDate "2014.07.13"]

1. c4 e5 2. Nc3 Nf6 3. g3 d6 4. Bg2 Be7 5. e4 O-O 6. Nge2 c5 7. O-O a6 8. f4
exf4 9. gxf4 Nbd7 10. d4 Rb8 11. Nd5 Nxd5 12. cxd5 cxd4 13. Nxd4 Bf6 14. Kh1 g6
15. b3 Bg7 16. Bb2 Nf6 17. Ne2 Ng4 18. Bxg7 Kxg7 19. Ng3 Kg8 20. Qd4 Qh4 21. h3
Qxg3 22. hxg4 Bxg4 23. Qf6 Bh3 24. Rg1 Bxg2+ 25. Rxg2 Qh3+ 26. Kg1 Qe3+ 27. Kh2
Qxe4 28. Rag1 Rbc8 29. Qxd6 Rcd8 30. Qf6 Rxd5 0-1

[Event "16. Obert Int. Sant Martí 2014 Grupo B"]
[Site "Barcelona ESP"]
[Date "2014.07.19"]
[Round "7.40"]
[White "Castaño Jimenez, Andreu"]
[Black "Romero Funieles, Rafael De Jesus"]
[Result "1-0"]
[WhiteElo "1779"]
[BlackElo "1939"]
[PlyCount "77"]
[EventDate "2014.07.13"]
[EventType "swiss"]
[EventRounds "9"]
[EventCountry "ESP"]
[Source "lmi"]
[SourceDate "2014.07.13"]

1. e4 c6 2. d4 h6 3. Nf3 e6 4. Nc3 d6 5. Bf4 Be7 6. Qd2 Nd7 7. h3 a6 8. O-O-O
b5 9. d5 cxd5 10. exd5 e5 11. Be3 Ngf6 12. g4 b4 13. Na4 Rb8 14. Nh4 Nxd5 15.
Qxd5 Bb7 16. Qd2 Bxh1 17. Nf5 g6 18. Ng7+ Kf8 19. Bxh6 Kg8 20. h4 Bf3 21. Bc4
d5 22. Bxd5 Bxd5 23. Qxd5 Rxh6 24. Ne6 fxe6 25. Qxe6+ Kh8 26. Rxd7 Bg5+ 27.
hxg5 Qxg5+ 28. Kd1 Qf4 29. Nc5 Qf3+ 30. Kd2 Qxf2+ 31. Kd3 Rh3+ 32. Kc4 Qxc2+
33. Kd5 Qg2+ 34. Kc4 Qf1+ 35. Kd5 Qf4 36. Qe7 Qd4+ 37. Kc6 Rc8+ 38. Kb7 Qxd7+
39. Nxd7 1-0

[Event "16. Obert Int. Sant Martí 2014 Grupo B"]
[Site "Barcelona ESP"]
[Date "2014.07.19"]
[Round "7.41"]
[White "Martinez Ferrer, Rafael"]
[Black "Pascual Duran, Pau"]
[Result "1-0"]
[WhiteElo "1931"]
[BlackElo "1762"]
[PlyCount "113"]
[EventDate "2014.07.13"]
[EventType "swiss"]
[EventRounds "9"]
[EventCountry "ESP"]
[Source "lmi"]
[SourceDate "2014.07.13"]

1. d4 Nf6 2. Nf3 g6 3. Bf4 Bg7 4. e3 d6 5. Bd3 O-O 6. Nbd2 Nc6 7. h3 Nd7 8. c3
e5 9. Bg3 f5 10. Bc4+ Kh8 11. O-O e4 12. Ne1 Nf6 13. Be2 Ne7 14. c4 d5 15. c5
a5 16. Rc1 Bd7 17. a4 Nc6 18. Nc2 Ne8 19. f4 g5 20. fxg5 Qxg5 21. Bf4 Qh4 22.
Qe1 Bf6 23. Kh2 Qxe1 24. Rcxe1 Rg8 25. Bh5 Bg5 26. Bf7 Bxf4+ 27. Rxf4 Rg7 28.
Bxd5 Nf6 29. Bc4 Nh5 30. Rh4 Rg5 31. g4 Nf6 32. gxf5 Bxf5 33. Rf1 Ne7 34. Rhf4
Rh5 35. h4 c6 36. Bf7 Rh6 37. Rxf5 Nxf5 38. Rxf5 Rxh4+ 39. Kg3 Rh6 40. Nc4 Rd8
41. Ne5 Nd7 42. Ng4 Rh1 43. Kf4 Rf1+ 44. Kxe4 Rxf5 45. Kxf5 Nf8 46. Ne5 Kg7 47.
Ne1 Nd7 48. N1f3 Nf6 49. Ng5 Nd5 50. Ne6+ Kh8 51. Nxd8 Nxe3+ 52. Ke4 Nd1 53. b3
Nf2+ 54. Kf3 Nh3 55. Bc4 Kg7 56. Nxb7 Ng5+ 57. Kg4 1-0

[Event "16. Obert Int. Sant Martí 2014 Grupo B"]
[Site "Barcelona ESP"]
[Date "2014.07.19"]
[Round "7.42"]
[White "Arroyo Morales, Jaime"]
[Black "Izquierdo Pujol, Pol"]
[Result "1-0"]
[WhiteElo "1923"]
[BlackElo "1721"]
[PlyCount "130"]
[EventDate "2014.07.13"]
[EventType "swiss"]
[EventRounds "9"]
[EventCountry "ESP"]
[Source "lmi"]
[SourceDate "2014.07.13"]

1. d4 d5 2. Bg5 Nc6 3. e3 Bf5 4. c4 Nf6 5. Bxf6 gxf6 6. Qb3 Na5 7. Qa4+ Nc6 8.
Nc3 e6 9. cxd5 exd5 10. Bb5 Qd6 11. Nge2 a6 12. Nf4 Be6 13. Rc1 O-O-O 14. Bxc6
Qxc6 15. Qxc6 bxc6 16. Na4 Bb4+ 17. Ke2 Rd6 18. Nc5 Bxc5 19. Rxc5 Kd7 20. Rhc1
Rb8 21. b3 Rb5 22. R1c3 Rb8 23. Ra5 Rb6 24. Nd3 Kd8 25. Nb2 Bc8 26. Rac5 Bb7
27. Na4 Rb5 28. a3 Ke7 29. Rxb5 axb5 30. Nc5 Bc8 31. a4 Rd8 32. a5 Bd7 33. b4
Rg8 34. g3 h5 35. Nxd7 Kxd7 36. Kf3 Ra8 37. Kf4 Ra6 38. Kf5 Ke7 39. g4 hxg4 40.
Kxg4 Kf8 41. Kf5 Kg7 42. Rc1 Kf8 43. Rg1 c5 44. dxc5 Re6 45. Rd1 Re5+ 46. Kxf6
Rh5 47. h4 Ke8 48. Rd4 Rh6+ 49. Kg5 Rg6+ 50. Kf4 Rf6+ 51. Kg3 Rf5 52. f4 Ke7
53. Rd2 c6 54. Kh3 Rf6 55. a6 Re6 56. Rd3 Kd7 57. a7 Re8 58. Ra3 Ra8 59. Kg4
Ke7 60. Kf5 f6 61. h5 Kf7 62. h6 Kg8 63. Kxf6 Kh7 64. Ke6 Kxh6 65. Kd6 Kg6 1-0